00717nam a2200229u 450000500170000000800410001701000130005802000250007102000220009603500130011803500130013103700160014404000180016008200060017810000210018424500770020526000380028227000570032030000290037749000610040670000200046700000000000000.0810522s1962 nyua j 00| 1 eng  aB-357825 a9780746057711c65.00 a0746057717c65.00 aB-357825 aB-345586 bTarun Books adplbEnglish  aS aPunter, Russell  aStories of pirates /cby Russell Punter; illustrated by Christyan Fox  aLondonbUsborne Publishing c2004 aUsborne House, 83-85 Saffron HillbLondon eEC1N 8RT a48p. : bill.c20cm(pbk) aUsborne young reading; edited by Lesley Simsvseries one aFox, Christyan